Design of concrete structures (Record no. 3622)

000 -LEADER
fixed length control field 00547nam a22002057a 4500
001 - CONTROL NUMBER
control field 3622
003 - CONTROL NUMBER IDENTIFIER
control field BD-DhUET
008 - FIXED-LENGTH DATA ELEMENTS--GENERAL INFORMATION
fixed length control field 141102b xxu||||| |||| 00| 0 eng d
040 ## - CATALOGING SOURCE
Transcribing agency 0
Modifying agency BD-DhUET
082 ## - DEWEY DECIMAL CLASSIFICATION NUMBER
Classification number 624.183
Item number WIN/1972
100 ## - MAIN ENTRY--PERSONAL NAME
Personal name Winter, George
245 ## - TITLE STATEMENT
Title Design of concrete structures
Statement of responsibility, etc. by George Winter and Arthur H. Nilson
250 ## - EDITION STATEMENT
Edition statement 8th ed.
260 ## - PUBLICATION, DISTRIBUTION, ETC. (IMPRINT)
Place of publication, distribution, etc. New York
Name of publisher, distributor, etc. McGraw-Hill
Date of publication, distribution, etc. 1972
300 ## - PHYSICAL DESCRIPTION
Extent xii,615p.
504 ## - BIBLIOGRAPHY, ETC. NOTE
Bibliography, etc Includes bibliographies
650 #0 - SUBJECT ADDED ENTRY--TOPICAL TERM
Topical term or geographic name as entry element Reinforced concrete
700 ## - ADDED ENTRY--PERSONAL NAME
Personal name Nilson, Arthur H.
942 ## - ADDED ENTRY ELEMENTS (KOHA)
Koha item type General Book
Holdings
Date acquired Koha issues (times borrowed) Source of classification or shelving scheme Koha date last borrowed Sublocation or collection (holding branch) Koha item type Koha full call number Koha normalized classification for sorting Copy number Withdrawn status Piece designation (barcode) Shelving location Price effective from Damaged status Location (home branch) Lost status Not for loan Koha date last seen
2014-11-022 2025-05-26Central Library, BUETGeneral Book624.183/WIN/1972624_183000000000000_WIN_19721 39870Circulation section2014-11-02 Central Library, BUET  2025-06-18
2014-11-021 2025-05-26Central Library, BUETGeneral Book624.183/WIN/1972624_000000000000000_183WIN19722 44253Circulation section2014-11-02 Central Library, BUET  2025-05-28
2014-11-18   Central Library, BUETGeneral Book624.183/WIN/1972624_000000000000000_183WIN19723 39869Circulation section2014-11-18 Central Library, BUET  2014-11-18
2014-11-18   Central Library, BUETGeneral Book624.183/WIN/1972624_000000000000000_183WIN19724 39871Circulation section2014-11-18 Central Library, BUET  2014-11-18
2015-02-222 2025-05-27Central Library, BUETGeneral Book624.183/WIN/1972624_183000000000000_WIN_19725 42844Circulation section2015-02-22 Central Library, BUET  2025-06-28
2015-02-22   Central Library, BUETGeneral Book624.183/WIN/1972624_183000000000000_WIN_19726 54930Circulation section2015-02-22 Central Library, BUET  2015-02-22
2015-05-071 2025-05-26Central Library, BUETGeneral Book624.183/WIN/1972624_183000000000000_WIN_19727 45112Circulation section2015-05-07 Central Library, BUET  2025-05-27